Welcome to the Holygrace Academy Library

Please use search bar below to get started

HINDI-HINDI-ENGLISH-MALAYALAM DICTIONARY (Record no. 8923)

MARC details
000 -LEADER
fixed length control field 00385nam a22001337a 4500
082 ## - DEWEY DECIMAL CLASSIFICATION NUMBER
Classification number 403
Item number GEO/H
100 ## - MAIN ENTRY--AUTHOR NAME
Personal name GEORGE, JAMES
245 ## - TITLE STATEMENT
Title HINDI-HINDI-ENGLISH-MALAYALAM DICTIONARY
246 ## - VARYING FORM OF TITLE
Title proper/short title HINDI-HINDI-ENGLISH-MALAYALAM DICTIONARY
Remainder of title HINDI-HINDI-ENGLISH-MALAYALAM DICTIONARY
260 ## - PUBLICATION, DISTRIBUTION, ETC. (IMPRINT)
Place of publication INDIA, KOZHIKODE
Name of publisher ROYAL
Year of publication 2014
300 ## - PHYSICAL DESCRIPTION
Number of Pages 1056
650 ## - SUBJECT ADDED ENTRY--TOPICAL TERM
Topical Term HINDI DICTIONARY
942 ## - ADDED ENTRY ELEMENTS (KOHA)
Koha item type Books
Holdings
Withdrawn status Lost status Collection code Home library Current library Shelving location Date acquired Source of acquisition Cost, normal purchase price Full call number Accession Number Koha item type
    Reference Main Library Main Library SHELF 1-A DICTIONARIES 18/04/2024 PURCHASED 650.00 403 GEO/H 13608 Books